[Event "IECC M-4873"]
[Site "IECC email"]
[Date "2003.11.15"]
[Round "?"]
[White "Dollee, Huip"]
[Black "Ould Ahmed, Samy"]
[Result "1-0"]
[WhiteElo "1683"]
[BlackElo "1715"]
[PlyCount "45"]
[EventDate "2003.??.??"]
[EventType "tourn (corr)"]
[EventRounds "10"]
[SourceTitle "Corr 2020"]
[Source "ChessBase"]
[SourceDate "2019.09.30"]
[SourceVersion "1"]
[SourceVersionDate "2019.09.30"]
[SourceQuality "1"]
[WhiteTeam "Netherlands"]
[BlackTeam "Algeria"]
[WhiteTeamCountry "NED"]
[BlackTeamCountry "ALG"]

1. e4 e5 2. Nf3 Nc6 3. d4 exd4 4. Nxd4 Nf6 5. Nxc6 bxc6 6. e5 Qe7 7. Qe2 Nd5 8. c4 Ba6 9. b3 0-0-0 10. g3 g5 11. Bb2 Bg7 12. Bg2 Rde8 13. 0-0 Nb6 14. Re1 Bb7 15. Nd2 h5 16. a4 Kb8 17. a5 Nc8 18. b4 h4 19. Ne4 Bxe5 20. Bxe5 Qxe5 21. a6 Ba8 22. Nc5 Qd4 23. Qb2 1-0

[Event "IECC O email"]
[Site "IECC email"]
[Date "2003.09.25"]
[Round "?"]
[White "Montana, Oliver"]
[Black "Dollee, Huip"]
[Result "0-1"]
[WhiteElo "1578"]
[BlackElo "1650"]
[PlyCount "70"]
[EventDate "2003.??.??"]
[EventType "tourn (corr)"]
[EventRounds "6"]
[SourceTitle "Corr 2008"]
[Source "ChessBase"]
[SourceDate "2008.06.24"]
[SourceVersion "1"]
[SourceVersionDate "2008.06.24"]
[SourceQuality "1"]

1. e4 e6 2. d4 d5 3. Nc3 Bb4 4. e5 c5 5. Bb5+ Bd7 6. Bxd7+ Qxd7 7. Nf3 cxd4 8. Qxd4 Nc6 9. Qd1 Bxc3+ 10. bxc3 Na5 11. 0-0 Ne7 12. h3 0-0 13. Bg5 Rac8 14. Qd3 Ng6 15. Qe3 b6 16. Nh4 Nc4 17. Qe2 Ncxe5 18. Rfd1 Rxc3 19. Qd2 Rfc8 20. Nxg6 Nxg6 21. Qd4 R8c4 22. Qd2 Rxc2 23. Qe1 h6 24. Be3 e5 25. Rdc1 Qc6 26. Rxc2 Rxc2 27. Qb4 d4 28. Bd2 Nh4 29. f3 Qg6 30. g4 Nxf3+ 31. Kh1 Qe4 32. Kg2 Nxd2+ 33. Kg3 Qf3+ 34. Kh4 g5+ 35. Kh5 Qxh3# 0-1